000
00350 a2200157 4500
001
163606
020
_a
040
_c
Magnum
100
_a
Pereira, Regina Lúcia Pontes
240
1
0
_a
O aniversário do príncipe
_l
por
245
1
0
_a
O aniversário do príncipe
300
_a
16
362
0
_a
1991
697
_a
LITERATURA INFANTO
942
_c
BK
999
_c
163606
_d
163606